| 000 | 00538nam a2200193Ia 4500 | ||
|---|---|---|---|
| 003 | OSt | ||
| 005 | 20250522153217.0 | ||
| 008 | 210210b1987 xxu||||| |||| 00| 0 eng d | ||
| 040 | _cAL | ||
| 041 | _aKannada | ||
| 082 | _aK894.3 VENP | ||
| 100 |
_aVENKATARAM (Ta Pu). _dವೆಂಕಟರಾಮ್ (ತ ಪು). _9210695 |
||
| 245 |
_aPranaya sankale. _bಪ್ರಣಯ ಸಂಕಲೆ |
||
| 260 |
_aBengaluru _bHemanta Sahitya _c1987 |
||
| 300 | _aviii,251 | ||
| 690 |
_aKannada Fiction _9210696 |
||
| 906 | _a040177 | ||
| 942 |
_2ddc _cBK |
||
| 999 |
_c89753 _d89753 |
||